000 00378nam a2200133Ia 4500
008 231221s9999 xx 000 0 und d
020 _a978-0-387-23352-9
041 _aEnglish
100 _aVladimir Getov, Thilo Kielmann
245 0 _aComponent Models and Systems for Grid Applications
260 _c2005
_bSpringer US
_aNew York
650 _aComputer Science
942 _cEB
999 _c217988
_d217988